Crecer con estabilidad : (Registro nro. 8762)
[ vista simple ]
| 000 -LEADER | |
|---|---|
| fixed length control field | 02579nam a2200277Ia 4500 |
| 003 - CONTROL NUMBER IDENTIFIER | |
| control field | OSt |
| 005 - DATE AND TIME OF LATEST TRANSACTION | |
| control field | 20211112124837.0 |
| 008 - FIXED-LENGTH DATA ELEMENTS--GENERAL INFORMATION | |
| fixed length control field | 210310s2001 ck ad fr 000 0 spa d |
| 020 ## - INTERNATIONAL STANDARD BOOK NUMBER | |
| International Standard Book Number | 9586823202 |
| 040 ## - CATALOGING SOURCE | |
| Original cataloging agency | CO-JMCR |
| Transcribing agency | CO-JMCR |
| 041 0# - LANGUAGE CODE | |
| Language code of text/sound track or separate title | spa |
| 082 04 - DEWEY DECIMAL CLASSIFICATION NUMBER | |
| Classification number | 338.9004 / |
| Item number | O151c |
| Edition number | 23 |
| 100 1# - MAIN ENTRY--PERSONAL NAME | |
| Personal name | Ocampo, José Antonio, |
| 9 (RLIN) | 18215 |
| Relator term | coordinador |
| 245 10 - TITLE STATEMENT | |
| Title | Crecer con estabilidad : |
| Remainder of title | el financiamiento del desarrollo en el nuevo conflicto internacional / |
| Statement of responsibility, etc. | José Antonio Ocampo |
| 250 ## - EDITION STATEMENT | |
| Edition statement | Primera edición |
| 260 ## - PUBLICATION, DISTRIBUTION, ETC. | |
| Place of publication, distribution, etc. | Bogotá : |
| Name of publisher, distributor, etc. | Cepal : Alfaomega, |
| Date of publication, distribution, etc. | 2001 |
| 300 ## - PHYSICAL DESCRIPTION | |
| Extent | xvi, 156 páginas : |
| Other physical details | ilustraciones y gráficas a blanco y negro ; |
| Dimensions | 23 cm. |
| 490 0# - SERIES STATEMENT | |
| Series statement | Economía de América Latina |
| 500 ## - GENERAL NOTE | |
| General note | Incluye notas a pie de página. |
| 504 ## - BIBLIOGRAPHY, ETC. NOTE | |
| Bibliography, etc. note | Bibliografía: páginas 149-156 |
| 505 0# - FORMATTED CONTENTS NOTE | |
| Formatted contents note | El financiamiento del desarrollo en los años noventa -- Promoción de la estabilidad en los flujos de capital para el financiamiento del desarrollo -- Inserción comercial y acceso al mercado internacional de capitales -- Movilización de recursos nacionales para el financiamiento del desarrollo |
| 520 3# - SUMMARY, ETC. | |
| Summary, etc. | El renovado acceso a los mercados internacionales de capitales en los años noventa aumentó la disponibilidad de recursos para el desarrollo de los países de América Latina y el Caribe. Sin embargo, la volatilidad que han mostrado estas fuentes de financiamiento y el carácter procíclico de las políticas macroeconómicas de la región se han reflejado en crisis financieras inusitadamente frecuentes y en un crecimiento económico inestable, con costos importantes en términos de desempleo y de incidencia de la pobreza.<br/>Para revertir esta situación, la Comisión Económica para América Latina y el Caribe (CEPAL) propone en este libro una estrategia de crecimiento con estabilidad, cimentada en acciones en tres áreas: el fortalecimiento de la capacidad del sistema financiero internacional para prevenir y administrar crisis, y el de los países para diseñar, en forma complementaria, políticas macroeconómicas preventivas: la aceleración del desarrollo de las exportaciones y el mejoramiento de las condiciones de acceso de la región a los mercados financieros internacionales, y el incremento de los niveles de ahorro nacional y la promoción del desarrollo financiero de los países, a fin de canalizar recursos nacionales hacia la inversión y de garantizar el acceso al crédito a todos los sectores sociales. |
| 650 14 - SUBJECT ADDED ENTRY--TOPICAL TERM | |
| Topical term or geographic name entry element | Finanzas |
| 9 (RLIN) | 18217 |
| Geographic subdivision | América Latina |
| 650 24 - SUBJECT ADDED ENTRY--TOPICAL TERM | |
| Topical term or geographic name entry element | Crisis financieras |
| General subdivision | Prevención |
| 9 (RLIN) | 41504 |
| 942 ## - ADDED ENTRY ELEMENTS (KOHA) | |
| Source of classification or shelving scheme | Dewey Decimal Classification |
| Koha item type | Books |
| Withdrawn status | Lost status | Source of classification or shelving scheme | Damaged status | Not for loan | Collection code | Home library | Current library | Date acquired | Source of acquisition | Full call number | Barcode | Date last seen | Copy number | Koha item type | Total Checkouts | Price effective from |
|---|---|---|---|---|---|---|---|---|---|---|---|---|---|---|---|---|
| Dewey Decimal Classification | Non-fiction | Biblioteca Pública José María del Castillo y Rada | Biblioteca Pública José María del Castillo y Rada | 04/15/2018 | Donación | 338.9004 / O151c | 430004939 | 05/16/2024 | Ej.1 | Books | ||||||
| Dewey Decimal Classification | Non-fiction | Biblioteca Pública José María del Castillo y Rada | Biblioteca Pública José María del Castillo y Rada | 04/15/2018 | Donación | 338.9004 / O151c | 430004940 | 05/16/2024 | Ej.2 | Books | 11/12/2021 |